000 00298 a2200133 4500
000 nam a22 7a 4500
100 _aDeepak, Prasad
110 _aDeepak, Prasad
245 _aPublic Administration and Society
250 _alatest edition
260 _c2025
264 _c2025
942 _cBK
999 _c394494
_d394494